Tous les clubs qui ont remporté au moins 1 trophée 2022/2023 - Statistiques

Statistiques générales
  • Ce quiz a été pris 198 fois
  • Le résultat moyen est 12 sur 13
Statistiques - réponses
Trophée Club Pays % Correct
3 Manchester City Angleterre
100%
2 PSG/Paris France
99%
2 Bayern Allemagne
98%
1 Réal Madrid Espagne
97%
2 Barcelone Espagne
96%
2 Inter Italie
96%
1 Toulouse France
94%
1 Naples Italie
93%
1 Manchester United Angleterre
89%
1 Séville Espagne
87%
1 Liverpool Angleterre
83%
1 Leipzig Allemagne
67%
1 West Ham Angleterre
66%
Aucun quiz correspondant
Distribution des résultats
% des personnes avec chaque résultat
Percentile par nombre de réponses
Votre historique - résultats
Vous n’avez pas pris ce quiz